LEADER 01285nam0 2200277 450 001 000044484 005 20180511130536.0 100 $a20180321d--------km-y0itaa50------ba 101 0 $aita 102 $aIT 200 1 $aRelazione sull'attuazione del piano di coordinamento degli interventi pubblici nel Mezzogiorno, ai sensi dell'art. 22 della legge 26 giugno 1965, n. 717$epresentata al Parlamento dall'on. Giulio Pastore... il 28 aprile 1967$fComitato dei ministri per il Mezzogiorno 210 $aRoma$cIstituto poligrafico dello Stato 215 $aVolumi$d29 cm. 607 $aItalia meridionale$xPiani economici$z1965 676 $a338.9$v(22. ed.)$9Produzione. Sviluppo e crescita economica 702 1$aPastore,$bGiulio 710 01$aItalia$bComitato dei ministri per il Mezzogiorno$0331910 801 0$aIT$bUniversità della Basilicata - B.I.A.$gREICAT$2unimarc 912 $a000044484 996 $aRelazione sull'attuazione del piano di coordinamento degli interventi pubblici nel Mezzogiorno, ai sensi dell'art. 22 della legge 26 giugno 1965, n. 717.$9736455 997 $aUNIBAS CAT $aSTD017$b01$c20180321$lBAS01$h1838 CAT $aTTM$b30$c20180511$lBAS01$h1256 CAT $aTTM$b30$c20180511$lBAS01$h1257 CAT $aTTM$b30$c20180511$lBAS01$h1305 FMT